000 00594nam a2200229Ia 4500
003 OSt
005 20221005124152.0
006 a|||||r|||| 00| 0
007 ta
008 221004b |||||||| |||| 00| 0 eng d
024 _a67209
037 _cTextual
040 _aCRL
_cCRL
_beng
041 _2eng
_aeng
082 _aV33:28wM49, F4
100 _aBalfour Frances Lady
_9634793
245 0 _aMemoir of Lord Balfour of Burleigh K. T.
260 _c1924
650 _aHISTORY
942 _hV33:28wM49, F4
_cTEXL
_2cc
999 _c1049647
_d1049647